| 000 | 01051nam a2200361 a 4500 | ||
|---|---|---|---|
| 003 | AR-BaBNM | ||
| 005 | 20251128204122.0 | ||
| 008 | 082120s2002 ||||||||||||||000 | spa|| | ||
| 020 | _a950-25-1552-8 | ||
| 040 | _cAR-BaBNM | ||
| 100 | 1 | _aPerosa, Hugo R. | |
| 245 | 0 | 0 |
_aLas relaciones argentino soviéticas contemporáneas _n2 |
| 260 |
_aBuenos Aires _bCentro Editor de América Latina _c1990 |
||
| 300 | _ap. 123-245 | ||
| 490 | 0 |
_aBiblioteca política argentina _vv. 283 |
|
| 500 | _aURSS:UNION REPUBLICANA SOCIALISTA SOVIETICA | ||
| 600 | 1 | 4 | _aGorbachov, Mijail |
| 600 | 1 | 4 |
_aAlfonsín, Raúl Ricardo _d1983-1989 |
| 600 | 1 | 4 | _aCaputo, Dante |
| 600 | 1 | 4 | _aArmendariz, Alejandro |
| 650 | 4 | _aRELACIONES INTERNACIONALES | |
| 650 | 4 | _aPOLITICA EXTERIOR | |
| 650 | 4 | _aSOCIALISMO | |
| 650 | 4 | _aCAPITALISMO | |
| 650 | 4 | _aCONDICIONES ECONOMICAS | |
| 650 | 4 | _aCAMBIO SOCIAL | |
| 650 | 4 | _aRELACIONES BILATERALES | |
| 651 | 4 | _aURSS | |
| 651 | 4 | _aArgentina | |
| 800 | 1 |
_aTroncoso, Oscar _edirector |
|
| 942 | _cBK | ||
| 998 | _cCarmen | ||
| 999 |
_c6250 _d6250 |
||